Vladimír Majakovskij /

Hlavní autor: Mikulášek, Miroslav, 1930-
Jazyk: Čeština
Vydáno: Praha : Horizont, 1982
Vydání: 1. vyd.
Edice: Medailóny (Horizont)
Témata:
Fyzický popis: 182 s.
Knihy
Uloženo v:
LEADER 00823nam a22002412a 4500
001 000068096
003 CZ BrMZK
005 20080917081549.0
007 ta
008 950407s1982 xr f cze d
040 |a BOA001  |b cze 
100 1 |a Mikulášek, Miroslav,  |d 1930-  |7 jk01081627 
245 1 0 |a Vladimír Majakovskij /  |c Miroslav Mikulášek 
250 |a 1. vyd. 
260 |a Praha :  |b Horizont,  |c 1982 
300 |a 182 s. 
490 1 |a Medailóny 
830 0 |a Medailóny (Horizont)  |0 s 
910 |a BOA001  |b PK-0094.452  |b 1-0854.145 
964 |a Majakovskij, Vladimir Vladimirovič - život a dílo 
990 |a BK 
996 6 |b 2619584103  |c 1-0854.145  |l MZK  |r Sklad / do 1 hodiny  |n 0  |w 000068096  |u 000020  |a 1  |e BOA001  |j MZK50  |s P 
996 7 |b 3119960502  |c PK-0094.452  |l MZK  |r Sklad / do 1 hodiny  |n 6  |w 000068096  |u 000010  |a 1  |e BOA001  |j MZK50  |s A